| 000 | 00000nam##2200000za#4500 |
| 001 | 9.633678 |
| 003 | CaOODSP |
| 005 | 20210624215436 |
| 007 | cr ||||||||||| |
| 008 | 150407|2007||||xxc|||||o f|0| 0 fre|d |
| 020 | |a978-0-662-73429-1 |
| 040 | |aCaOODSP|bfre |
| 043 | |an-cn--- |
| 086 | 1 |aH21-286/5-2007F-PDF |
| 110 | 1 |aCanada.|bSanté Canada. |bDirection générale de la politique de la santé. |
| 245 | 10|aFonds pour l'adaptation des soins de santé primaires. Poser les fondements d'un changement culturel : |h[ressource électronique]|bL’assise du Fonds pour l’adaptation des soins de santé primaires / |cécrit par Sheila Weatherill. |
| 246 | 3 |aSérie de rapports de synthèse sur la mise en commun des connaissances |
| 260 | |aOttawa - Ontario : |bSanté Canada. |cMars 2007. |
| 300 | |a46p.|bréférences |
| 590 | |a11-17-Supp|b2011-09-12 |
| 720 | 1 |aWeatherill, Sheila |
| 775 | 08|tPrimary Health Care Transition Fund. Laying the groundwork for culture change : |w(CaOODSP)9.689259 |
| 856 | 40|ahttp://publications.gc.ca|qPDF|s535 Ko|uhttps://publications.gc.ca/collections/collection_2011/sc-hc/H21-286-5-2007-fra.pdf |
| 986 | |aSC Pub. : 1253 |